Statystyki dla Trasa Warszawskiej linii autobusowej 308

Kliknij tutaj aby rozwiązać quiz!

Ogólne statystyki

  • Ten quiz został rozwiązany 5 razy
  • Średni wynik to 7 z 10

Statystyki odpowiedzi

DzielnicaPrzystanek% Poprawnych
MokotówKrólikarnia
100%
MokotówWoronicza
100%
MokotówMetro Wierzbno
75%
MokotówTelewizja Polska
75%
MokotówZajezdnia Woronicza
75%
MokotówMaklakiewicza
50%
MokotówOsiedle Nowy Mokotów
50%
MokotówRacjonalizacji
50%
MokotówWielicka
50%
MokotówSamochodowa
25%

Rozkład punktacji

Percentyl według liczby udzielonych odpowiedzi

Procent ludzi z każdym wynikiem

Twoja historia wyników

Nie rozwiązałeś tego quizu